[Event "2018 Frodsham Congress"]
[Site "Frodsham"]
[Date "2018.02.02"]
[Round "1.1"]
[White "French, Max"]
[Black "Jackson, Oliver A"]
[Result "0-1"]
[WhiteElo "1997"]
[BlackElo "2181"]
[PlyCount "87"]
[EventDate "2018.02.02"]

1. d4 Nf6 2. c4 c5 3. d5 b5 4. Qc2 Qa5+ 5. Bd2 b4 6. e4 d6 7. Bd3 g6 8. h3 Bg7
9. Nf3 Nbd7 10. O-O O-O 11. Re1 Rb8 12. Qc1 Re8 13. Bf4 Qb6 14. Nbd2 a5 15. Bh2
Ba6 16. Qc2 e5 17. Nh4 Nh5 18. g3 Qd8 19. Ng2 Bc8 20. a3 Rf8 21. Ra2 Kh8 22. g4
Nf4 23. Nxf4 exf4 24. Bxf4 Ne5 25. axb4 axb4 26. b3 h5 27. f3 Qh4 28. Re2 Bd7
29. Rh2 Ra8 30. Bf1 Ra3 31. Rxa3 bxa3 32. Qa2 Ra8 33. Kg2 Qe1 34. Rh1 Qc1 35.
Be2 Qc3 36. Nb1 Qb2 37. Qxb2 axb2 38. Be3 hxg4 39. hxg4+ Kg8 40. Kg3 f5 41.
gxf5 gxf5 42. Nd2 Ra1 43. Rb1 Ng6 44. Bd3 {The game continued for a number of
moves, but neither player recorded the moves (less than 5 minutes were on
their clocks).} 0-1

[Event "2018 Frodsham Congress"]
[Site "Frodsham"]
[Date "2018.02.02"]
[Round "1.2"]
[White "Surtees, Mike J"]
[Black "Bryant, Richard Be"]
[Result "1-0"]
[WhiteElo "2126"]
[BlackElo "1983"]
[PlyCount "87"]
[EventDate "2018.02.02"]

1. e4 e6 2. a3 d5 3. e5 a5 4. d4 c5 5. c3 Nc6 6. Nf3 a4 7. Bd3 c4 8. Bc2 b5 9.
Bf4 Qc7 10. Bg3 Na5 11. Nbd2 Nb3 12. Rb1 Be7 13. Qe2 Bd7 14. Nf1 O-O-O 15. Ne3
Qb7 16. O-O h5 17. Bh4 Be8 18. g3 Nh6 19. Bg5 Bxg5 20. Nxg5 Qe7 21. f4 f6 22.
exf6 gxf6 23. Nf3 Qc7 24. Rbd1 Bf7 25. f5 e5 26. dxe5 fxe5 27. Ng5 Qb7 28. Bxb3
axb3 29. Rd2 d4 30. Nxf7 Nxf7 31. Ng2 d3 32. Qe3 e4 33. f6 Ne5 34. Qc5+ Qc7 35.
Qxb5 Nf3+ 36. Rxf3 exf3 37. Nf4 Rhe8 38. Nd5 Re1+ 39. Kf2 Rxd5 40. Qxd5 Qb6+
41. Qd4 Qxd4+ 42. cxd4 Re2+ 43. Rxe2 Kd8 44. f7 1-0

[Event "2018 Frodsham Congress"]
[Site "Frodsham"]
[Date "2018.02.02"]
[Round "1.3"]
[White "Doran, Chris"]
[Black "Crocker, Philip J"]
[Result "1/2-1/2"]
[WhiteElo "1972"]
[BlackElo "2090"]
[PlyCount "45"]
[EventDate "2018.02.02"]

1. e4 c6 2. d4 d5 3. e5 c5 4. c4 cxd4 5. Qxd4 e6 6. cxd5 Nc6 7. Bb5 Qxd5 8.
Qxd5 exd5 9. Nc3 Be6 10. Nf3 a6 11. Ba4 Bc5 12. Bg5 h6 13. Bh4 g5 14. Bg3 Nge7
15. Rd1 O-O-O 16. O-O Nf5 17. Bxc6 bxc6 18. Na4 Ba7 19. Rc1 Kd7 20. Nc5+ Bxc5
21. Rxc5 Rb8 22. b3 Rb5 23. Rfc1 1/2-1/2

[Event "2018 Frodsham Congress"]
[Site "Frodsham"]
[Date "2018.02.02"]
[Round "1.4"]
[White "McDougall, William M"]
[Black "McDonagh, Michael"]
[Result "1/2-1/2"]
[WhiteElo "2048"]
[BlackElo "1911"]
[PlyCount "95"]
[EventDate "2018.02.02"]

1. d4 d5 2. Nf3 Nf6 3. c4 e6 4. g3 Be7 5. Bg2 O-O 6. O-O dxc4 7. Qc2 a6 8. a4
Bd7 9. Ne5 Bc6 10. Nxc6 Nxc6 11. e3 Na5 12. Na3 c6 13. Nxc4 Nxc4 14. Qxc4 Qa5
15. Qe2 Nd5 16. e4 Nb4 17. Be3 Rfd8 18. b3 c5 19. dxc5 Nd3 20. Rfd1 Nxc5 21.
Rab1 Rxd1+ 22. Qxd1 Rd8 23. Qc2 Nd3 24. Rd1 Ne1 25. Rxd8+ Qxd8 26. Qe2 Nxg2 27.
Kxg2 Qd7 28. Qc2 b5 29. axb5 axb5 30. f3 h5 31. Kf2 g5 32. Qc3 g4 33. Bd4 f5
34. exf5 exf5 35. Qe3 Qd5 36. fxg4 fxg4 37. Qxe7 Qxd4+ 38. Qe3 Qb2+ 39. Kg1
Qb1+ 40. Kg2 Qc2+ 41. Kg1 Qd1+ 42. Kg2 Qd5+ 43. Kf2 Kf7 44. b4 Qa2+ 45. Kf1
Qb1+ 46. Qe1 Qxe1+ 47. Kxe1 Ke6 48. Kd2 1/2-1/2

[Event "2018 Frodsham Congress"]
[Site "Frodsham"]
[Date "2018.02.02"]
[Round "1.5"]
[White "Vassiliou, Chris"]
[Black "Benson, Paul J"]
[Result "1/2-1/2"]
[WhiteElo "1876"]
[BlackElo "2040"]
[PlyCount "91"]
[EventDate "2018.02.02"]

1. d4 f5 2. g3 Nf6 3. Bg2 g6 4. Nf3 Bg7 5. c4 O-O 6. Nc3 d6 7. O-O Na6 8. Re1
c5 9. d5 Nc7 10. e4 fxe4 11. Ng5 Rb8 12. Ngxe4 b5 13. cxb5 Nxb5 14. Nxb5 Rxb5
15. Ng5 Ne8 16. Qe2 Rb7 17. Ne6 Bxe6 18. Qxe6+ Rf7 19. Rb1 Nc7 20. Qe4 Nb5 21.
Be3 Nd4 22. b4 Qc7 23. bxc5 Rxb1 24. Rxb1 Ne2+ 25. Kh1 Nc3 26. cxd6 Qxd6 27.
Qb4 Nxb1 28. Qxb1 a5 29. h4 Qb4 30. Qxb4 axb4 31. Bf1 Bc3 32. Bc4 Kf8 33. Kg2
Rf6 34. Kf1 Ke8 35. Ke2 Kd7 36. Kd3 Kd6 37. Bb3 Rf8 38. Bc4 Rc8 39. Bb3 Bf6 40.
Bd2 Kc5 41. Be3+ Kb5 42. Bd2 Be5 43. Ke4 Bd6 44. Kd3 Bc5 45. Ke2 Rf8 46. f4
1/2-1/2

[Event "2018 Frodsham Congress"]
[Site "Frodsham"]
[Date "2018.02.02"]
[Round "1.6"]
[White "Bimpson, Tom"]
[Black "Camp, Imogen Al"]
[Result "1-0"]
[WhiteElo "2016"]
[BlackElo "1869"]
[PlyCount "57"]
[EventDate "2018.02.02"]

1. d4 d5 2. Bf4 Nf6 3. e3 e6 4. c3 c5 5. Nd2 Nc6 6. Ngf3 Be7 7. Bd3 O-O 8. Ne5
Nxe5 9. dxe5 Nd7 10. h4 b6 11. Bxh7+ Kxh7 12. Qh5+ Kg8 13. Nf3 f6 14. Ng5 fxg5
15. hxg5 Rf5 16. Qh7+ Kf8 17. g6 Ke8 18. Qxg7 Bf8 19. Qg8 Nb8 20. g4 Rxf4 21.
exf4 Kd7 22. Rh7+ Kc6 23. g7 d4 24. gxf8=Q Qd5 25. Qxc8+ Kb5 26. Qge8+ Ka5 27.
Qb7 Qc4 28. Qxa8 dxc3 29. Qxa7+ 1-0

[Event "2018 Frodsham Congress"]
[Site "Frodsham"]
[Date "2018.02.03"]
[Round "2.1"]
[White "Jackson, Oliver A"]
[Black "Bimpson, Tom"]
[Result "1-0"]
[WhiteElo "2181"]
[BlackElo "2016"]
[PlyCount "37"]
[EventDate "2018.02.02"]

1. e4 d6 2. Nc3 e5 3. f4 Nf6 4. Nf3 Nbd7 5. Bc4 Be7 6. d3 c6 7. a4 Qc7 8. O-O
Nb6 9. Bb3 Bg4 10. h3 Bxf3 11. Qxf3 h5 12. Be3 a5 13. d4 Nbd7 14. Rad1 O-O 15.
g4 exd4 16. Bxd4 hxg4 17. hxg4 Nc5 18. Bxc5 dxc5 19. g5 1-0

[Event "2018 Frodsham Congress"]
[Site "Frodsham"]
[Date "2018.02.03"]
[Round "2.2"]
[White "Slinger, Aj (Tony)"]
[Black "Surtees, Mike J"]
[Result "0-1"]
[WhiteElo "1868"]
[BlackElo "2126"]
[PlyCount "73"]
[EventDate "2018.02.02"]

1. e4 c6 2. d4 d5 3. e5 Na6 4. Be3 Bf5 5. a3 e6 6. b4 Nb8 7. Nd2 Nd7 8. Ngf3 a5
9. c3 h5 10. Be2 Nh6 11. h3 Be7 12. Nh2 h4 13. Ng4 Nxg4 14. hxg4 Bg6 15. f4 f6
16. Nf3 Be4 17. Kf2 Bxf3 18. Bxf3 Nb6 19. Qd3 Kf7 20. f5 Qd7 21. exf6 gxf6 22.
fxe6+ Qxe6 23. Bf4 Nc4 24. Rhb1 Qd7 25. a4 axb4 26. cxb4 Bd6 27. Bxd6 Qxd6 28.
Be2 Rae8 29. Ra2 Qf4+ 30. Qf3 Qxd4+ 31. Ke1 Qg1+ 32. Qf1 Qe3 33. Qf3 h3 34.
Qxe3 Nxe3 35. gxh3 Rxh3 36. Kf2 Rh2+ 37. Kg3 0-1

[Event "2018 Frodsham Congress"]
[Site "Frodsham"]
[Date "2018.02.03"]
[Round "2.3"]
[White "Hilton, Tim"]
[Black "Roberts, Paul E"]
[Result "1/2-1/2"]
[WhiteElo "1896"]
[BlackElo "2167"]
[PlyCount "66"]
[EventDate "2018.02.02"]

1. c4 c5 2. g3 g6 3. Bg2 Bg7 4. Nc3 Nc6 5. Nf3 d6 6. O-O Nf6 7. d4 cxd4 8. Nxd4
Bd7 9. b3 O-O 10. Bb2 a6 11. e3 Rc8 12. Qd2 Qa5 13. h3 Rfe8 14. Rfd1 b5 15.
cxb5 Nxd4 16. Qxd4 axb5 17. Nd5 Nh5 18. Qd2 Qxd2 19. Rxd2 Bxb2 20. Rxb2 Be6 21.
a4 Bxd5 22. Bxd5 Nf6 23. Bf3 d5 24. a5 Rc7 25. a6 Ra8 26. Be2 b4 27. Ra5 Ne4
28. Rxd5 Nc3 29. Ra5 Nxe2+ 30. Rxe2 Rc1+ 31. Kg2 Rb1 32. a7 Rxb3 33. Rea2 Rc3
1/2-1/2

[Event "2018 Frodsham Congress"]
[Site "Frodsham"]
[Date "2018.02.03"]
[Round "2.4"]
[White "Crocker, Philip J"]
[Black "Whitehead, Mark A"]
[Result "1-0"]
[WhiteElo "2090"]
[BlackElo "1892"]
[PlyCount "61"]
[EventDate "2018.02.02"]

1. d4 Nf6 2. Bg5 e6 3. e4 h6 4. Bxf6 Qxf6 5. c3 d6 6. Bd3 e5 7. Ne2 g6 8. O-O
Bg7 9. f4 Qe7 10. f5 O-O 11. fxg6 fxg6 12. Rxf8+ Bxf8 13. Qb3+ Kh7 14. Nd2 Nd7
15. Rf1 Nf6 16. Kh1 c6 17. dxe5 dxe5 18. Bc4 Bg4 19. Ng3 Rd8 20. Nf3 Bg7 21. h3
Bc8 22. a4 a6 23. Qb6 Rf8 24. b4 Nd7 25. Qc7 Bf6 26. Rd1 h5 27. a5 c5 28. b5
Rd8 29. b6 Kh6 30. Nf1 Qg7 31. Ne3 1-0

[Event "2018 Frodsham Congress"]
[Site "Frodsham"]
[Date "2018.02.03"]
[Round "2.5"]
[White "Benson, Paul J"]
[Black "Carroll, Thomas"]
[Result "0-1"]
[WhiteElo "2040"]
[BlackElo "1842"]
[PlyCount "52"]
[EventDate "2018.02.02"]

1. e4 c5 2. Nf3 d6 3. d4 cxd4 4. Nxd4 Nf6 5. Nc3 a6 6. Be3 e5 7. Nb3 Be6 8. f3
Nbd7 9. Qd2 h5 10. O-O-O b5 11. Kb1 Rc8 12. Nd5 Nxd5 13. exd5 Bf5 14. Bd3 Bxd3
15. Qxd3 Be7 16. f4 Bf6 17. Qd2 Nb6 18. Bxb6 Qxb6 19. g3 b4 20. Qe2 Kf8 21. Nd2
exf4 22. gxf4 Qd4 23. c3 bxc3 24. Nb3 Qxf4 25. Rc1 Re8 26. Qxa6 Qe4+ 0-1

[Event "2018 Frodsham Congress"]
[Site "Frodsham"]
[Date "2018.02.03"]
[Round "2.6"]
[White "Burns, Martin J"]
[Black "McDougall, William M"]
[Result "0-1"]
[WhiteElo "1877"]
[BlackElo "2048"]
[PlyCount "72"]
[EventDate "2018.02.02"]

1. e4 c5 2. Nf3 d6 3. d4 cxd4 4. Nxd4 Nf6 5. Nc3 a6 6. Bd3 e5 7. Nb3 Be7 8. h3
b5 9. a3 Bb7 10. O-O Nbd7 11. Bg5 O-O 12. Re1 Qc7 13. Rc1 Rfe8 14. Ne2 Nxe4 15.
Bxe7 Rxe7 16. c4 Ndf6 17. cxb5 Qb6 18. Rf1 axb5 19. Nd2 Nxf2 20. Rxf2 e4 21.
Bxe4 Bxe4 22. Ng3 d5 23. Qb3 Rae8 24. Qc3 h5 25. Qc5 Qb8 26. Ndxe4 Rxe4 27.
Nxe4 Nxe4 28. Qc7 Nxf2 29. Kxf2 Qa8 30. Rc5 Qa4 31. Kg1 Qd4+ 32. Kh2 Re5 33.
Rc2 Qf4+ 34. g3 Re2+ 35. Kh1 Qe4+ 36. Kg1 Qg2# 0-1

[Event "2018 Frodsham Congress"]
[Site "Frodsham"]
[Date "2018.02.03"]
[Round "2.7"]
[White "Furness, Robert M"]
[Black "Vassiliou, Chris"]
[Result "1-0"]
[WhiteElo "2036"]
[BlackElo "1876"]
[PlyCount "64"]
[EventDate "2018.02.02"]

1. c4 f5 2. e4 fxe4 3. d3 Nf6 4. dxe4 e5 5. Nc3 Bc5 6. Bg5 d6 7. Qd2 Nc6 8. Bd3
Be6 9. Nge2 O-O 10. f3 Qd7 11. O-O-O Nd4 12. h4 a5 13. h5 c6 14. h6 g6 15. Kb1
a4 16. Nxd4 Bxd4 17. Be3 Bxe3 18. Qxe3 Qf7 19. a3 Rfe8 20. Be2 Qc7 21. Rd2 Red8
22. Rhd1 Rd7 23. Qg5 Rf8 24. g3 b5 25. cxb5 cxb5 26. Bxb5 Rfd8 27. Qe3 Bb3 28.
Rc1 Qa5 29. Qe2 Kh8 30. f4 Nh5 31. f5 Rf7 32. fxg6 hxg6 1-0

[Event "2018 Frodsham Congress"]
[Site "Frodsham"]
[Date "2018.02.03"]
[Round "2.9"]
[White "Hymer, Barry J"]
[Black "Newton, Robert A"]
[Result "1-0"]
[WhiteElo "1832"]
[BlackElo "1973"]
[PlyCount "85"]
[EventDate "2018.02.02"]

1. d4 g6 2. e4 Bg7 3. Nf3 d6 4. Nc3 Bg4 5. Be3 Nd7 6. Be2 c6 7. h3 Bxf3 8. Bxf3
Qc7 9. a4 a6 10. O-O e6 11. Re1 h6 12. Qd2 Ne7 13. a5 Kf8 14. Ne2 Kg8 15. g4
Rd8 16. c3 Kh7 17. Ng3 Rhe8 18. Kh1 c5 19. b4 cxd4 20. cxd4 Qb8 21. b5 axb5 22.
Rab1 b4 23. Rxb4 Nc6 24. Rb5 Qa8 25. Reb1 e5 26. d5 Nd4 27. Bxd4 exd4 28. Rxb7
Ne5 29. Be2 d3 30. Bxd3 Nxd3 31. Qxd3 Qxa5 32. Rxf7 Rf8 33. Rbb7 Rxf7 34. Rxf7
Kg8 35. Rf3 Qa1+ 36. Kg2 Rb8 37. Qa3 Qe5 38. Qa7 Rf8 39. Rxf8+ Bxf8 40. Qd7 Bg7
41. h4 Qf4 42. h5 gxh5 43. Qxg7+ 1-0

[Event "2018 Frodsham Congress"]
[Site "Frodsham"]
[Date "2018.02.03"]
[Round "2.10"]
[White "Somton, Anita"]
[Black "Doran, Chris"]
[Result "0-1"]
[WhiteElo "1823"]
[BlackElo "1972"]
[PlyCount "98"]
[EventDate "2018.02.02"]

1. e4 c5 2. Nc3 g6 3. f4 Bg7 4. Nf3 Nc6 5. Bb5 Nd4 6. O-O Nxb5 7. Nxb5 d5 8. e5
Qb6 9. a4 d4 10. Na3 Be6 11. Kh1 Nh6 12. d3 Qc6 13. b3 O-O 14. Qe1 b6 15. Bd2
a5 16. Nc4 Rad8 17. Nxb6 Qxb6 18. Bxa5 Qc6 19. Bxd8 Rxd8 20. b4 cxb4 21. Qxb4
Nf5 22. Rf2 Bd5 23. Kg1 Bxf3 24. Rxf3 Qxc2 25. a5 Ne3 26. Rf2 Qxd3 27. a6 Qc3
28. Qxc3 dxc3 29. a7 c2 30. Rxc2 Nxc2 31. a8=Q Rxa8 32. Rxa8+ Bf8 33. Kf2 h5
34. g3 e6 35. Rc8 Nb4 36. Kf3 Kg7 37. h3 Nd5 38. g4 hxg4+ 39. hxg4 Bb4 40. g5
Bd2 41. Rc4 Kf8 42. Rd4 Bb4 43. Rd1 Ke7 44. Rd3 Kd7 45. Rd1 Bc5 46. Rh1 Be3 47.
Rd1 Bxf4 48. Rxd5+ exd5 49. Kxf4 Ke6 0-1

[Event "2018 Frodsham Congress"]
[Site "Frodsham"]
[Date "2018.02.03"]
[Round "2.11"]
[White "Altham, John T"]
[Black "Buckley, Colm"]
[Result "1-0"]
[WhiteElo "1817"]
[BlackElo "1944"]
[PlyCount "69"]
[EventDate "2018.02.02"]

1. e4 e6 2. d4 d5 3. e5 c5 4. Qg4 cxd4 5. Nf3 Nc6 6. Bd3 Nge7 7. O-O Ng6 8. Re1
Be7 9. Nbd2 Qc7 10. Qg3 Bd7 11. Nb3 O-O-O 12. Nbxd4 Nxd4 13. Nxd4 Bc5 14. c3
Kb8 15. a4 Rc8 16. Bd2 Bxd4 17. cxd4 f5 18. Bb4 Qb6 19. Bc5 Qxb2 20. Reb1 Qd2
21. Ba6 b6 22. a5 b5 23. Qb3 Qe2 24. Ra2 Qc4 25. Qa3 Ka8 26. Rc1 b4 27. Rxc4
bxa3 28. Bxc8 Rxc8 29. Rc1 Nf4 30. Rca1 Nd3 31. Bxa3 Rc4 32. Bd6 Bc6 33. a6
Rxd4 34. Rb1 Nb4 35. Bxb4 1-0

[Event "2018 Frodsham Congress"]
[Site "Frodsham"]
[Date "2018.02.03"]
[Round "2.12"]
[White "Evans, Paul A"]
[Black "Boswell, Jacob Connor"]
[Result "0-1"]
[WhiteElo "1930"]
[BlackElo "1803"]
[PlyCount "84"]
[EventDate "2018.02.02"]

1. e4 e5 2. Nc3 Nf6 3. Bc4 Nc6 4. d3 Bc5 5. f4 d6 6. Nf3 Bg4 7. Bb5 Nd7 8. Bxc6
bxc6 9. h3 Bxf3 10. Qxf3 a5 11. f5 Nb6 12. Qg3 g6 13. Bh6 Qe7 14. Rf1 Rg8 15.
f6 Qe6 16. Be3 Bb4 17. Bd2 Bxc3 18. Bxc3 Na4 19. Qe3 Nxc3 20. bxc3 h5 21. Kd2
Kd7 22. a4 Rgb8 23. Qe1 Rb2 24. Qf2 Qb3 25. Rfc1 Ra2 26. Qf3 c5 27. Qd1 Qxa4
28. g4 hxg4 29. Qxg4+ Kc6 30. Rab1 Rh8 31. h4 c4 32. h5 Rxh5 33. Qc8 Rh2+ 34.
Ke3 cxd3 35. Kxd3 Ra3 36. Rb3 Rh4 37. Re1 Rf4 38. Qe8+ Kc5 39. Qxf7 Rf3+ 40.
Kd2 Rxb3 41. Ra1 Rf2+ 42. Kd3 Qd4# 0-1

[Event "2018 Frodsham Congress"]
[Site "Frodsham"]
[Date "2018.02.03"]
[Round "2.13"]
[White "McDonagh, Michael"]
[Black "Gogia, Armaan"]
[Result "1-0"]
[WhiteElo "1911"]
[BlackElo "1603"]
[PlyCount "135"]
[EventDate "2018.02.02"]

1. e4 c5 2. Nf3 d6 3. d4 cxd4 4. Nxd4 Nf6 5. f3 a6 6. c4 e6 7. Nc3 Be7 8. Be3
Nbd7 9. Be2 Qc7 10. Qd2 Ne5 11. Rc1 Bd7 12. O-O h6 13. Kh1 g5 14. b3 Ng6 15.
Rfd1 Rc8 16. a4 Nh5 17. Bf1 Nhf4 18. Nde2 Nxe2 19. Bxe2 O-O 20. Bf1 Rfd8 21.
Qf2 Rf8 22. Bb6 Qb8 23. c5 Be8 24. cxd6 Bxd6 25. Ba7 Qc7 26. Ne2 Bc6 27. Bb6
Qe7 28. Rxd6 Qxd6 29. Bc5 Qd2 30. Bxf8 Rxf8 31. Qd4 Rd8 32. Qxd2 Rxd2 33. Kg1
Kf8 34. Kf2 Ne5 35. Ke1 Rd7 36. Nc3 Nd3+ 37. Bxd3 Rxd3 38. Ke2 Rd7 39. Ke3 Ke7
40. b4 b6 41. b5 Bb7 42. bxa6 Bxa6 43. Nb5 f5 44. g3 Kf6 45. Rc6 Bxb5 46. axb5
Rb7 47. f4 gxf4+ 48. gxf4 fxe4 49. Kxe4 Rb8 50. f5 Ra8 51. Rxe6+ Kg7 52. Rg6+
Kh7 53. Rxb6 Ra2 54. Rb7+ Kg8 55. Ke5 Rxh2 56. Kf6 Rg2 57. b6 h5 58. Rb8+ Kh7
59. b7 Rb2 60. Kg5 Kg7 61. Kxh5 Rb1 62. Kg5 Rg1+ 63. Kf4 Rf1+ 64. Ke4 Re1+ 65.
Kd3 Rb1 66. Kc2 Rb6 67. f6+ Rxf6 68. Rc8 1-0

[Event "2018 Frodsham Congress"]
[Site "Frodsham"]
[Date "2018.02.03"]
[Round "2.14"]
[White "Bryant, Richard Be"]
[Black "French, Max"]
[Result "0-1"]
[WhiteElo "1983"]
[BlackElo "1997"]
[PlyCount "96"]
[EventDate "2018.02.02"]

1. e4 c6 2. d4 d5 3. exd5 cxd5 4. c4 Nf6 5. Nc3 Nc6 6. Bg5 e6 7. Nf3 Be7 8. c5
O-O 9. a3 Ne4 10. Bxe7 Qxe7 11. Bd3 Nxc3 12. bxc3 e5 13. Be2 Re8 14. Ra2 e4 15.
Nd2 e3 16. Nf1 exf2+ 17. Kxf2 b6 18. Bf3 Be6 19. Qa4 Qd7 20. Rd2 Rac8 21. Ne3
bxc5 22. c4 Nxd4 23. Qxd7 Bxd7 24. Bxd5 Rb8 25. Rd3 Rb2+ 26. Kg3 Rxe3+ 27. Rxe3
Nf5+ 28. Kf3 Nxe3 29. Kxe3 Kf8 30. Rf1 f6 31. Rd1 Rb3+ 32. Rd3 Rxd3+ 33. Kxd3
Ke7 34. Be4 g6 35. Bb7 Kd6 36. g3 Bc6 37. Bc8 Ke5 38. Bg4 f5 39. Bd1 g5 40. Be2
f4 41. Bf1 Be4+ 42. Kc3 f3 43. Bh3 Bg6 44. Bf1 Ke4 45. Kd2 Kd4 46. h4 gxh4 47.
gxh4 Bf7 48. Bd3 Bxc4 0-1

[Event "2018 Frodsham Congress"]
[Site "Frodsham"]
[Date "2018.02.03"]
[Round "3.1"]
[White "Surtees, Mike J"]
[Black "Jackson, Oliver A"]
[Result "1-0"]
[WhiteElo "2126"]
[BlackElo "2181"]
[PlyCount "82"]
[EventDate "2018.02.02"]

1. e4 c5 2. Nh3 g6 3. f4 Bg7 4. Nf2 Nc6 5. Na3 d6 6. c3 e6 7. Be2 Nge7 8. d3
O-O 9. O-O Rb8 10. Nc2 b5 11. a3 a5 12. d4 b4 13. Be3 f5 14. dxc5 fxe4 15. cxd6
Nf5 16. Bc5 bxc3 17. b4 e3 18. Ng4 Bd7 19. Qd3 g5 20. Ngxe3 gxf4 21. Rxf4 Ne5
22. Qd1 Qg5 23. Rf1 Bc6 24. Bg4 Nxe3 25. Nxe3 Rxf1+ 26. Kxf1 c2 27. Bxe6+ Kh8
28. Qxc2 Bb5+ 29. Kg1 Nf3+ 30. Kh1 Bxa1 31. gxf3 Bc6 32. Qd1 Be5 33. Ng4 Bg7
34. d7 h5 35. Nf2 Qf6 36. Ne4 Qh4 37. Bb6 Bxe4 38. d8=Q+ Rxd8 39. Qxd8+ Qxd8
40. Bxd8 Bxf3+ 41. Kg1 Bd4+ 1-0

[Event "2018 Frodsham Congress"]
[Site "Frodsham"]
[Date "2018.02.03"]
[Round "3.2"]
[White "Carroll, Thomas"]
[Black "Crocker, Philip J"]
[Result "0-1"]
[WhiteElo "1842"]
[BlackElo "2090"]
[PlyCount "90"]
[EventDate "2018.02.02"]

1. d4 d5 2. c4 c6 3. cxd5 cxd5 4. Nc3 Nf6 5. f3 Nc6 6. e4 e6 7. e5 Nd7 8. f4 f5
9. Nf3 Be7 10. Be2 O-O 11. O-O Nb6 12. Be3 Bd7 13. Rc1 Rc8 14. Nd2 a6 15. a3
Na5 16. Kh1 Nac4 17. Nxc4 Nxc4 18. Bxc4 Rxc4 19. g4 g6 20. Rg1 Kh8 21. Rg3 b5
22. Rh3 Be8 23. Qf3 b4 24. axb4 Rxb4 25. Rh6 Rb7 26. Qh3 Bb4 27. Bf2 Bxc3 28.
bxc3 Kg8 29. Bh4 Qb8 30. Rg1 Rb1 31. Bf2 Rxg1+ 32. Bxg1 Qb1 33. Qe3 fxg4 34.
Kg2 a5 35. Bf2 a4 36. c4 Qb3 37. c5 Bc6 38. Qd2 Qf3+ 39. Kg1 Qxf4 40. Qxf4 Rxf4
41. Be3 Re4 42. Bd2 Rxd4 43. Bc3 Rc4 44. Bb2 Kg7 45. Rh4 g5 0-1

[Event "2018 Frodsham Congress"]
[Site "Frodsham"]
[Date "2018.02.03"]
[Round "3.3"]
[White "McDougall, William M"]
[Black "Hymer, Barry J"]
[Result "1-0"]
[WhiteElo "2048"]
[BlackElo "1832"]
[PlyCount "107"]
[EventDate "2018.02.02"]

1. d4 g6 2. Nf3 Bg7 3. g3 c5 4. c3 cxd4 5. cxd4 d5 6. Bg2 Nc6 7. O-O Nf6 8. Nc3
O-O 9. Ne5 Be6 10. Nxc6 bxc6 11. Bf4 Nh5 12. Be3 c5 13. Na4 c4 14. Nc5 Rb8 15.
b3 c3 16. Rc1 Qa5 17. Qe1 Rfc8 18. Qxc3 Qxa2 19. Rc2 Qa3 20. Ra1 Qb4 21. Ra4
Qxc3 22. Rxc3 Rc7 23. h3 g5 24. Bxg5 Rbc8 25. g4 Bd7 26. Rb4 a5 27. gxh5 axb4
28. Rd3 Bb5 29. Rg3 Kh8 30. e3 h6 31. Bf4 Rxc5 32. dxc5 e5 33. Rxg7 Kxg7 34.
Bxe5+ f6 35. Bd4 Bc6 36. Bf1 Ra8 37. Bd3 Ra2 38. Kg2 Rd2 39. Bg6 Bd7 40. Kg3
Ra2 41. f3 Ra3 42. Bc2 Kf7 43. Kf4 Ra2 44. Bg6+ Ke7 45. c6 Bxc6 46. Bc5+ Kd8
47. Bxb4 Bd7 48. Bf8 Rh2 49. Bxh6 Rxh3 50. Bg7 Ke7 51. h6 Be8 52. Bf5 Rh4+ 53.
Kg3 Rh5 54. h7 1-0

[Event "2018 Frodsham Congress"]
[Site "Frodsham"]
[Date "2018.02.03"]
[Round "3.4"]
[White "Boswell, Jacob Connor"]
[Black "Furness, Robert M"]
[Result "0-1"]
[WhiteElo "1803"]
[BlackElo "2036"]
[PlyCount "60"]
[EventDate "2018.02.02"]

1. e4 d5 2. exd5 Qxd5 3. d4 Nc6 4. Be3 e5 5. c4 Bb4+ 6. Nc3 Qd6 7. d5 Nb8 8.
Nf3 Nd7 9. Be2 Bxc3+ 10. bxc3 Ngf6 11. O-O O-O 12. Qc2 b6 13. Rad1 Re8 14. Ng5
Nc5 15. f4 h6 16. Nf3 Ng4 17. Bc1 exf4 18. Nd4 Ne3 19. Bxe3 Rxe3 20. Rf3 Bd7
21. Rdf1 Rxf3 22. Rxf3 Re8 23. Qd2 g5 24. Bd3 Qe5 25. Be2 Bg4 26. Rf2 Ne4 27.
Qe1 Nxf2 28. Kxf2 Qe3+ 29. Kf1 Bxe2+ 30. Nxe2 f3 0-1

[Event "2018 Frodsham Congress"]
[Site "Frodsham"]
[Date "2018.02.03"]
[Round "3.5"]
[White "French, Max"]
[Black "Benson, Paul J"]
[Result "1/2-1/2"]
[WhiteElo "1997"]
[BlackElo "2040"]
[PlyCount "99"]
[EventDate "2018.02.02"]

1. d4 f5 2. c4 Nf6 3. Nf3 g6 4. g3 Bg7 5. Bg2 O-O 6. O-O d6 7. Nc3 Na6 8. Re1
c5 9. d5 Nc7 10. Rb1 Rb8 11. Bd2 b5 12. b3 b4 13. Na4 Ne4 14. Qc2 e5 15. Rf1
Ne8 16. e3 g5 17. Ne1 Nxd2 18. Qxd2 Nf6 19. f3 Nh5 20. e4 g4 21. fxg4 fxg4 22.
Nc2 Bd7 23. Nb2 Qe7 24. Qe2 Qg5 25. Nd3 Qg6 26. Rxf8+ Rxf8 27. Rf1 Nf6 28. a3
bxa3 29. Ra1 Rb8 30. Rxa3 Rb7 31. Ra6 Bf8 32. b4 cxb4 33. Ncxb4 Ne8 34. Nxe5
Qg5 35. Ned3 Bg7 36. Nc2 Bc8 37. Ra5 a6 38. c5 Rb1+ 39. Bf1 Qd8 40. Ra4 dxc5
41. Nxc5 Qb6 42. Qf2 Qb5 43. Ne1 Rxe1 44. Qxe1 Qxc5+ 45. Qf2 Qc1 46. Rc4 Qd1
47. Rxc8 Bd4 48. Rxe8+ Kg7 49. Re7+ Kg8 50. Re8+ 1/2-1/2

[Event "2018 Frodsham Congress"]
[Site "Frodsham"]
[Date "2018.02.03"]
[Round "3.6"]
[White "Doran, Chris"]
[Black "Altham, John T"]
[Result "1/2-1/2"]
[WhiteElo "1972"]
[BlackElo "1817"]
[PlyCount "75"]
[EventDate "2018.02.02"]

1. e4 d6 2. d4 Nf6 3. Nc3 Nbd7 4. Be3 e5 5. Nf3 Be7 6. h3 c6 7. a4 a5 8. Bc4 h6
9. Bb3 Qc7 10. O-O g5 11. Nh2 Nf8 12. Qd2 Ng6 13. f3 Nf4 14. Ne2 Nxe2+ 15. Qxe2
Nh5 16. Qc4 O-O 17. Ng4 Kh7 18. dxe5 dxe5 19. Qc3 f6 20. Qe1 Nf4 21. Kh2 h5 22.
Nf2 h4 23. Ng4 Bd7 24. Rd1 Be8 25. Bxf4 exf4 26. Qc3 Bh5 27. Be6 Bxg4 28. Bxg4
Rad8 29. Qc4 Bd6 30. Qe6 Kg7 31. Qf5 Qf7 32. Qxa5 Bc7 33. Qb4 Rxd1 34. Rxd1 Rd8
35. Rxd8 Bxd8 36. Qd6 Qe7 37. Qd3 Bb6 38. Qc4 1/2-1/2

[Event "2018 Frodsham Congress"]
[Site "Frodsham"]
[Date "2018.02.03"]
[Round "3.7"]
[White "Roberts, Paul E"]
[Black "McDonagh, Michael"]
[Result "1-0"]
[WhiteElo "2167"]
[BlackElo "1911"]
[PlyCount "77"]
[EventDate "2018.02.02"]

1. Nf3 d5 2. d4 Nf6 3. c4 e6 4. g3 Be7 5. Bg2 O-O 6. O-O dxc4 7. Qc2 a6 8. a4
Bd7 9. Qxc4 b5 10. Qc2 Bc6 11. Bf4 Be4 12. Qxc7 Qxc7 13. Bxc7 Rc8 14. Bf4 b4
15. Nbd2 Bd5 16. Rfc1 Nbd7 17. Ne5 Bxg2 18. Kxg2 Nxe5 19. Bxe5 Nd7 20. Bf4 Nb6
21. a5 Nd5 22. Nb3 Nxf4+ 23. gxf4 Bd6 24. e3 f6 25. Kf3 Kf7 26. h3 g6 27. Ke4
Be7 28. Kd3 Rd8 29. e4 Bd6 30. Ke3 h6 31. e5 Be7 32. Rc7 g5 33. Rac1 gxf4+ 34.
Ke4 fxe5 35. dxe5 f3 36. Nd4 Rd5 37. R1c6 Rxa5 38. Rxe6 Re8 39. Rexe7+ 1-0

[Event "2018 Frodsham Congress"]
[Site "Frodsham"]
[Date "2018.02.03"]
[Round "3.8"]
[White "Bimpson, Tom"]
[Black "Jaques, Andrew"]
[Result "1-0"]
[WhiteElo "2016"]
[BlackElo "1840"]
[PlyCount "47"]
[EventDate "2018.02.02"]

1. d4 Nf6 2. Bf4 g6 3. Nc3 d5 4. e3 Bg7 5. h4 O-O 6. h5 c5 7. Nb5 Na6 8. Be2
Qa5+ 9. c3 c4 10. a4 Bd7 11. hxg6 hxg6 12. g4 Bxb5 13. axb5 Qxb5 14. g5 Nd7 15.
Bg4 e5 16. Bxd7 Qxd7 17. dxe5 Nc5 18. Nf3 Nd3+ 19. Ke2 Rfe8 20. Qd2 Nxe5 21.
Bxe5 Bxe5 22. Nxe5 Rxe5 23. Qd4 Qf5 24. Qh4 1-0